[Event "London Classic Open 2017"]
[Site "London ENG"]
[Date "2017.12.02"]
[Round "1.75"]
[White "Lochte, Szilvia"]
[Black "Merriman, John"]
[Result "0-1"]
[WhiteElo "1850"]
[BlackElo "2263"]
[WhiteFideId "708410"]
[BlackFideId "402362"]
[EventDate "2017.12.02"]

1. d4 e6 2. Bf4 Nf6 3. e3 c5 4. c3 Nc6 5. Nd2 b6 6. Bd3 Be7 7. Ne4 Nxe4 8. Bxe4
d5 9. Bc2 Ba6 10. Nf3 Rc8 11. Ne5 Nxe5 12. Bxe5 f6 13. Bg3 O-O 14. Qh5 f5 15.
Be5 Bf6 16. g4 g6 17. Qh6 Bxe5 18. dxe5 Qc7 19. gxf5 exf5 20. h4 Qxe5 21. h5 Qg7
22. hxg6 hxg6 23. O-O-O Qxh6 24. Rxh6 Kg7 25. Rh3 Rcd8 26. Rg3 Bc8 27. Rdg1 Rf6
28. Rd1 Rfd6 29. Rdg1 Rh8 30. Rd1 Be6 31. e4 fxe4 32. Bxe4 Bf7 33. Bc2 d4 34. f4
Kf6 35. Rdg1 Rh6 36. Rd1 Rh4 37. Rf3 Be6 38. cxd4 Bg4 0-1

[Event "London Classic Open 2017"]
[Site "London ENG"]
[Date "2017.12.02"]
[Round "1.76"]
[White "Soham, Das"]
[Black "Nyenhuis, Yannek"]
[Result "1-0"]
[WhiteElo "2263"]
[BlackElo "1847"]
[WhiteFideId "35026763"]
[BlackFideId "16231538"]
[EventDate "2017.12.02"]

1. e4 e6 2. d4 d5 3. Nc3 Nf6 4. e5 Nfd7 5. f4 c5 6. Nf3 Nc6 7. Be3 Be7 8. Qd2 a6
9. dxc5 Nxc5 10. O-O-O O-O 11. Kb1 b5 12. Qf2 Na4 13. Ne2 Rb8 14. Ned4 Nxd4 15.
Nxd4 Qc7 16. Bd3 Nc5 17. g4 Nxd3 18. cxd3 Bd7 19. Rc1 Qd8 20. Qe2 Rc8 21. f5
Rxc1+ 22. Rxc1 Qb8 23. Bf4 Qb6 24. Be3 Qb8 25. Bf2 Bg5 26. Re1 Re8 27. Bg3 Qd8
28. f6 gxf6 29. h4 fxe5 30. hxg5 exd4 31. Qe5 Rf8 32. Rf1 Qe7 33. Bh4 Qb4 34.
Be1 Qc5 35. b4 Qe7 36. a3 Rc8 37. Bf2 f6 38. gxf6 Qf7 39. Bxd4 Rc6 40. g5 Be8
41. g6 hxg6 42. Rh1 1-0

[Event "London Classic Open 2017"]
[Site "London ENG"]
[Date "2017.12.02"]
[Round "1.77"]
[White "Fernandez Aransay, Fernando"]
[Black "Marzano, Carlo"]
[Result "0-1"]
[WhiteElo "1838"]
[BlackElo "2261"]
[WhiteFideId "2216280"]
[BlackFideId "802980"]
[EventDate "2017.12.02"]

1. e4 e5 2. Nf3 Nc6 3. Bb5 a6 4. Bxc6 dxc6 5. Nc3 f6 6. d4 exd4 7. Nxd4 c5 8.
Nde2 Qxd1+ 9. Nxd1 Bd7 10. Bf4 O-O-O 11. Ne3 Ne7 12. Rd1 Re8 13. f3 g5 14. Bg3
f5 15. Nxf5 Nxf5 16. exf5 Bxf5 17. c3 h5 18. h3 Rh6 19. Kf2 Rhe6 20. Rhe1 Bc2
21. Rd2 Ba4 22. b3 Bc6 23. Kf1 Bg7 24. Bf2 b6 25. Rd3 Rd6 26. Red1 Red8 27. Rxd6
cxd6 28. Be3 Bf6 29. f4 g4 30. hxg4 hxg4 31. c4 d5 32. cxd5 Bxd5 33. Ng3 Bxg2+
34. Ke1 Bc3+ 35. Bd2 Bd4 36. Nf5 Re8+ 37. Be3 Rxe3+ 38. Nxe3 Bxe3 39. f5 Bd4 40.
b4 Bf3 41. Rc1 g3 0-1

[Event "London Classic Open 2017"]
[Site "London ENG"]
[Date "2017.12.02"]
[Round "1.78"]
[White "Ronka, Erik"]
[Black "Siddharth, Sabharishankar"]
[Result "1-0"]
[WhiteElo "2260"]
[BlackElo "1837"]
[WhiteFideId "505080"]
[BlackFideId "25068563"]
[EventDate "2017.12.02"]

1. e4 e5 2. Bc4 Nc6 3. Nc3 Nf6 4. d3 Bc5 5. f4 d6 6. Nf3 Be6 7. Bxe6 fxe6 8. Na4
exf4 9. Nxc5 dxc5 10. Bxf4 O-O 11. Bg3 Nd4 12. Nd2 Qd7 13. O-O Nc6 14. Kh1 e5
15. Nc4 Rae8 16. a4 b6 17. h3 Qe6 18. b3 Nd7 19. Qd2 Rxf1+ 20. Rxf1 Rf8 21.
Rxf8+ Kxf8 22. c3 Qg6 23. Kh2 Qe6 24. b4 cxb4 25. cxb4 h6 26. Qc3 a6 27. b5 axb5
28. axb5 Nd4 29. Nxe5 Nxb5 30. Qc4 Qxc4 31. Nxd7+ Ke7 32. dxc4 Nc3 33. Nb8 Nxe4
34. Bxc7 Nd2 35. Bxb6 Nxc4 36. Bd4 Kf7 37. Nc6 Nd6 38. Nd8+ Ke8 39. Ne6 g6 40.
Nc5 Kf7 41. g3 g5 42. Kg2 h5 43. Kf3 Nf5 44. Bc3 g4+ 45. hxg4 hxg4+ 46. Kxg4
Nxg3 47. Kxg3 Ke7 48. Kf4 Kd6 49. Nd3 Kd5 50. Ke3 Kc4 51. Bd4 Kd5 52. Nf4+ Kc6
53. Kd3 Kb5 54. Kc3 Kc6 55. Kc4 Kd6 56. Bc3 Kc6 57. Be5 Kd7 58. Kd5 Ke7 59. Kc6
Kd8 60. Kd6 Kc8 61. Nd5 Kb7 62. Bd4 Ka6 63. Kc5 Kb7 64. Kb5 Kc8 65. Kc6 Kd8 66.
Kd6 Kc8 67. Bb6 Kb7 68. Kc5 Ka6 69. Kb4 Kb7 70. Kb5 Kb8 71. Kc6 Kc8 72. Nf6 Kb8
73. Nd7+ Ka8 74. Bc7 Ka7 75. Nb6 Ka6 76. Bb8 Ka5 77. Nd5 Ka4 78. Kc5 Kb3 79. Nb4
Kb2 80. Bf4 Kc3 81. Be3 Kb3 82. Bd4 Ka3 83. Kc4 Ka4 84. Bb6 Ka3 85. Nd3 Ka4 86.
Nb2+ Ka3 87. Kc3 Ka2 88. Bc5 Kb1 89. Nd3 Ka2 90. Kc2 Ka1 91. Bd6 Ka2 92. Nc1+
Ka1 93. Be5# 1-0

[Event "London Classic Open 2017"]
[Site "London ENG"]
[Date "2017.12.02"]
[Round "1.79"]
[White "Ensmenger, Hugo"]
[Black "Globus, Or"]
[Result "0-1"]
[WhiteElo "1829"]
[BlackElo "2253"]
[WhiteFideId "1317407"]
[BlackFideId "2816776"]
[EventDate "2017.12.02"]

1. d4 Nf6 2. Bf4 g6 3. Nc3 d5 4. e3 Bg7 5. h4 c5 6. Qd2 Nc6 7. f3 cxd4 8. exd4
Nh5 9. Nb5 Nxf4 10. Qxf4 O-O 11. O-O-O a6 12. Nc3 Nxd4 13. Qg5 Nf5 14. Rxd5 Qb6
15. Rxf5 Bxf5 16. g4 Bxc3 17. gxf5 Be5 18. Ne2 Qa5 19. c3 Bf6 20. Qg3 Qxf5 21.
h5 Qg5+ 22. Qxg5 Bxg5+ 23. f4 Bf6 24. Rg1 e6 25. Ng3 Rfd8 26. f5 Bg5+ 27. Kc2
Rd2+ 28. Kb3 Be3 29. Rh1 exf5 30. Bc4 b5 31. Bf1 Bf4 32. Rg1 Bxg3 33. Rxg3 Re8 0-1

[Event "London Classic Open 2017"]
[Site "London ENG"]
[Date "2017.12.02"]
[Round "1.80"]
[White "Lercel, Michal"]
[Black "De Lagontrie, Jean"]
[Result "1-0"]
[WhiteElo "2244"]
[BlackElo "1823"]
[WhiteFideId "1114700"]
[BlackFideId "605271"]
[EventDate "2017.12.02"]

1. Nf3 d5 2. c4 d4 3. e3 Nc6 4. b4 dxe3 5. fxe3 Nxb4 6. d4 e6 7. a3 Na6 8. Bd3
Nf6 9. O-O Be7 10. Bb2 O-O 11. Nbd2 c5 12. Qc2 h6 13. Ne5 Bd7 14. Rad1 Rc8 15.
d5 exd5 16. Nxd7 Nxd7 17. cxd5 Bf6 18. Bxa6 bxa6 19. Nc4 Bxb2 20. Qxb2 Rb8 21.
Qa2 Qe7 22. Rf3 Kh8 23. Qa1 Rb5 24. Rdf1 f6 25. Qc3 Rbb8 26. Rf5 Rbe8 27. R1f3
Qd8 28. Rg3 Qe7 29. e4 Qxe4 30. Nd6 Qe1+ 31. Rf1 Qxc3 32. Rxc3 Re5 33. Rd1 Kh7
34. Nc4 Re2 35. Rb1 Rfe8 36. Rb7 Ra2 37. h3 Ree2 38. Rg3 Re7 39. d6 Rf7 40. Re3
Ra1+ 41. Kf2 Ne5 42. Rxf7 Nxf7 43. Re7 Nxd6 44. Nxd6 Rxa3 45. Nf5 c4 46. Rxg7+
Kh8 47. Rc7 c3 48. g4 h5 49. Kg3 c2+ 50. Kh4 hxg4 51. hxg4 Ra2 52. Kh5 Kg8 53.
Kg6 Kf8 54. Rc8# 1-0

[Event "London Classic Open 2017"]
[Site "London ENG"]
[Date "2017.12.02"]
[Round "1.81"]
[White "Crismann, Alessandro Claudio"]
[Black "Richardson, John R"]
[Result "0-1"]
[WhiteTitle "FM"]
[BlackTitle "FM"]
[WhiteElo "1821"]
[BlackElo "2243"]
[WhiteFideId "14302870"]
[BlackFideId "401617"]
[EventDate "2017.12.02"]

1. e4 c6 2. d4 d5 3. exd5 cxd5 4. c4 Nf6 5. Nf3 Nc6 6. Nc3 Bg4 7. Be2 e6 8. c5
Be7 9. O-O Ne4 10. Bf4 O-O 11. a3 f5 12. Rc1 g5 13. Be5 Bxf3 14. gxf3 Nxc5 15.
dxc5 Nxe5 16. b4 d4 17. Qb3 Rf6 18. Rcd1 d3 19. Bxd3 Nxf3+ 20. Kg2 Nd4 21. Qc4
Rh6 22. Bxf5 Qc7 23. Rxd4 Qxh2+ 24. Kf3 Rf8 25. Re4 Qh3+ 26. Ke2 Qxf5 27. Nb5
Kh8 28. Re3 Rh2 29. Nd6 Rxf2+ 30. Rxf2 Qxf2+ 31. Kd3 Qf1+ 32. Kd2 Rf2+ 33. Re2
Rxe2+ 34. Qxe2 Qf4+ 35. Qe3 Bxd6 36. cxd6 Qxd6+ 37. Kc2 e5 38. Qxa7 Qc7+ 39. Qc5
Qxc5+ 40. bxc5 h5 41. c6 bxc6 42. a4 h4 43. a5 h3 44. a6 h2 45. a7 h1=Q 46.
a8=Q+ Kh7 47. Qe8 Qe4+ 48. Kc1 g4 49. Qh5+ Kg7 50. Qg5+ Kf7 51. Qh5+ Ke6 52.
Qh6+ Kf5 53. Qh5+ Kf4 54. Qh2+ g3 0-1

[Event "London Classic Open 2017"]
[Site "London ENG"]
[Date "2017.12.02"]
[Round "1.82"]
[White "Yuan, Yuanling"]
[Black "Siddharth, Gopakumar"]
[Result "1-0"]
[WhiteTitle "WIM"]
[WhiteElo "2243"]
[BlackElo "1808"]
[WhiteFideId "8604541"]
[BlackFideId "5053463"]
[EventDate "2017.12.02"]

1. e4 c5 2. Nf3 d6 3. d4 cxd4 4. Nxd4 Nf6 5. Nc3 a6 6. Be3 Ng4 7. Bc1 Nf6 8. f3
Qb6 9. Nb3 e6 10. Qe2 Nc6 11. Be3 Qc7 12. O-O-O b5 13. g4 Nd7 14. f4 Bb7 15. Bg2
Nc5 16. Qf2 b4 17. Ne2 Na5 18. Nxc5 dxc5 19. e5 Rc8 20. Bxb7 Qxb7 21. f5 exf5
22. gxf5 c4 23. Bb6 b3 24. axb3 Nxb3+ 25. cxb3 cxb3+ 26. Nc3 Bb4 27. Qd4 Bxc3
28. bxc3 b2+ 29. Kb1 O-O 30. Rhg1 1-0

[Event "London Classic Open 2017"]
[Site "London ENG"]
[Date "2017.12.02"]
[Round "1.84"]
[White "Britton, Richard L"]
[Black "Jain, Gautam"]
[Result "1-0"]
[WhiteTitle "FM"]
[WhiteElo "2239"]
[BlackElo "1804"]
[WhiteFideId "401692"]
[BlackFideId "425311"]
[EventDate "2017.12.02"]

1. Nf3 d5 2. g3 f5 3. Bg2 Nf6 4. O-O Nbd7 5. Nd4 Nb6 6. f4 e6 7. b3 Bc5 8. Bb2
Qe7 9. e3 Bd7 10. Nf3 O-O-O 11. a4 Be8 12. a5 Nbd7 13. a6 b6 14. Ne5 Nxe5 15.
Bxe5 Ng4 16. Qe2 Nxe5 17. fxe5 d4 18. b4 Bxb4 19. exd4 Rxd4 20. c3 Qc5 21. Qf2
Rd3 22. cxb4 Qxe5 23. Ra3 Bb5 24. Re1 Qb2 25. Rxd3 Bxd3 26. Qe3 Bc4 27. d3 Ba2
28. Nd2 Qxb4 29. Nc4 Bxc4 30. dxc4 Qxc4 31. Rc1 Qxa6 32. Qxe6+ Kb8 33. Qc6 1-0

[Event "London Classic Open 2017"]
[Site "London ENG"]
[Date "2017.12.02"]
[Round "1.85"]
[White "Tombolis, Christopher"]
[Black "Blasco Coll, Andreu"]
[Result "0-1"]
[WhiteElo "1799"]
[BlackElo "2236"]
[WhiteFideId "433691"]
[BlackFideId "22272836"]
[EventDate "2017.12.02"]

1. d4 d5 2. c4 e6 3. Nc3 Nf6 4. Bg5 Be7 5. Nf3 Nbd7 6. e3 h6 7. Bh4 O-O 8. Bd3
c5 9. cxd5 Nxd5 10. Bxe7 Nxe7 11. O-O cxd4 12. Nxd4 Nf6 13. Qe2 Bd7 14. Rfd1 Qb6
15. Rac1 Rac8 16. Ne4 Ned5 17. Nb3 Ba4 18. Nxf6+ Nxf6 19. Rxc8 Rxc8 20. Rc1
Rxc1+ 21. Nxc1 Qc5 22. Qd2 Qd5 23. f3 Qc5 24. b3 Bc6 25. Ne2 Nd5 26. Nd4 Bd7 27.
Be4 b6 28. Kf2 Nf6 29. Bc2 Qd6 30. Qd3 Qxh2 31. Ne2 Qc7 32. Ng3 Bb5 33. Qxb5
Qxc2+ 34. Qe2 Qc1 35. Nf1 Nd5 36. Qd2 Qc5 37. a4 g6 38. Ng3 f5 39. Qd4 Qxd4 40.
exd4 Nf4 41. Nf1 Kf7 42. Nd2 Ke7 43. Nc4 g5 44. g3 Ng6 45. b4 h5 46. b5 h4 47.
gxh4 gxh4 48. a5 bxa5 49. Nxa5 Kd6 50. Nc6 Ne7 51. Nb4 Kc7 52. Nc2 Kb6 53. Na3
Ka5 54. Kg2 Kb4 55. Nc2+ Kc3 56. d5 exd5 57. Na3 d4 58. Kh3 Ng6 59. b6 axb6 60.
Nb5+ Kd3 61. Nd6 Ne7 62. Kxh4 Ke2 63. f4 d3 64. Nb5 Nd5 65. Nd4+ Ke3 66. Nxf5+
Kxf4 67. Ng3 d2 68. Ne2+ Ke3 69. Nc3 Nxc3 70. Kg3 d1=Q 71. Kg2 Qd2+ 72. Kg3 Qf2+
73. Kh3 Qg1 74. Kh4 Kf4 75. Kh3 Qg3# 0-1

[Event "London Classic Open 2017"]
[Site "London ENG"]
[Date "2017.12.02"]
[Round "1.86"]
[White "Bremner, Adam"]
[Black "Mugalu, Hassan"]
[Result "1-0"]
[WhiteTitle "CM"]
[WhiteElo "2231"]
[BlackElo "1798"]
[WhiteFideId "2400847"]
[BlackFideId "451533"]
[EventDate "2017.12.02"]

1. d4 Nf6 2. c4 e6 3. Nf3 b6 4. g3 Bb7 5. Bg2 c5 6. O-O cxd4 7. Nxd4 Bxg2 8.
Kxg2 Be7 9. Nc3 O-O 10. e4 Nc6 11. f4 Nxd4 12. Qxd4 Bc5 13. Qd3 Qc8 14. b3 Qc6
15. Bb2 Rad8 16. Rad1 Bb4 17. Rfe1 a6 18. Re2 Rfe8 19. a3 Be7 20. a4 Qc5 21. e5
Qc6+ 22. Qf3 Ng4 23. Ne4 f5 24. exf6 Nxf6 25. Nxf6+ gxf6 26. Red2 Qc7 27. f5 Rf8
28. Qg4+ Kf7 29. Qh5+ Kg7 30. Rd4 Qc6+ 31. Kh3 exf5 32. Qxf5 Qe6 33. Qg4+ Kf7
34. Rxd7 Qxg4+ 35. Kxg4 Ke6 36. R7d5 Rg8+ 37. Kf4 Rxd5 38. cxd5+ Kd7 39. Bd4 b5
40. Be3 Rg5 41. Kf3 Rf5+ 42. Bf4 Bd6 43. Kg4 Re5 44. Bxe5 fxe5 45. Kf5 Bc7 46.
Re1 bxa4 47. bxa4 h5 48. Rxe5 a5 49. Ke4 h4 50. gxh4 1-0

[Event "London Classic Open 2017"]
[Site "London ENG"]
[Date "2017.12.02"]
[Round "1.87"]
[White "Jekel, Wolfgang"]
[Black "Cordes, Hans-Joerg"]
[Result "0-1"]
[BlackTitle "FM"]
[WhiteElo "1787"]
[BlackElo "2227"]
[WhiteFideId "4690370"]
[BlackFideId "4602234"]
[EventDate "2017.12.02"]

1. Nf3 e6 2. e3 Nf6 3. d4 d5 4. Bd3 Nbd7 5. b3 Bb4+ 6. Bd2 Bd6 7. Bc3 Ne4 8. O-O
f5 9. Bxe4 fxe4 10. Ne5 O-O 11. f4 Nxe5 12. fxe5 Rxf1+ 13. Qxf1 Be7 14. Nd2 Bd7
15. Qe2 b5 16. b4 a5 17. bxa5 b4 18. Bb2 Rxa5 19. Nb3 Bb5 20. Qg4 Ra6 21. h3 Qf8
22. Qg3 Rc6 23. Qg4 Qf5 24. Qd1 Bh4 25. Qd2 Bg3 26. Nc5 Rb6 27. c3 Rb8 28. cxb4
Rf8 29. Qd1 Qf2+ 30. Kh1 Bf1 0-1

[Event "London Classic Open 2017"]
[Site "London ENG"]
[Date "2017.12.02"]
[Round "1.88"]
[White "Barj, Julien"]
[Black "Solli, Oddvar"]
[Result "1/2-1/2"]
[WhiteElo "2226"]
[BlackElo "1784"]
[WhiteFideId "629200"]
[BlackFideId "1501208"]
[EventDate "2017.12.02"]

1. e4 e5 2. Nf3 Nc6 3. Bb5 a6 4. Ba4 Nf6 5. d3 d6 6. c3 Bd7 7. O-O g6 8. Nbd2
Bg7 9. d4 O-O 10. dxe5 Nxe5 11. Nxe5 Bxa4 12. Qxa4 dxe5 13. Nf3 b5 14. Qc2 Qe7
15. h3 Qc5 16. Be3 Qc6 17. Nd2 Rad8 18. f3 Rfe8 19. Nb3 Bf8 20. Rfd1 Nd7 21. Na5
Qe6 22. b4 Nb6 23. Qb3 Na4 24. c4 c5 25. cxb5 Rxd1+ 26. Rxd1 axb5 27. bxc5 Qa6
28. Qb4 Ra8 29. Nb3 Nb2 30. Rd7 Nc4 31. Bf2 Qc6 32. Rd1 Rxa2 33. Rd8 Kg7 34. Qc3
f6 35. Qd3 Ra7 36. Qd5 Rc7 37. Qxc6 Rxc6 38. Rd7+ Kg8 39. Rb7 Na3 40. Rb8 Kf7
41. Rb7+ Kg8 42. Kf1 Rc8 43. Ke2 Bh6 44. Na5 Rd8 45. Be1 Nc2 46. c6 Nd4+ 47. Kf2
Rc8 48. c7 Kf7 49. Bc3 Ne6 50. Rxb5 Rxc7 51. Rb7 Rxb7 52. Nxb7 Bf8 53. Ba5 Be7
54. Bb6 1/2-1/2

[Event "London Classic Open 2017"]
[Site "London ENG"]
[Date "2017.12.02"]
[Round "1.89"]
[White "Chilton, James I"]
[Black "Bukojemski, Adam"]
[Result "0-1"]
[WhiteElo "1772"]
[BlackElo "2224"]
[WhiteFideId "423009"]
[BlackFideId "1114620"]
[EventDate "2017.12.02"]

1. e4 c5 2. Nf3 e6 3. d4 cxd4 4. Nxd4 Nf6 5. Nc3 d6 6. Be3 a6 7. Bd3 Nbd7 8. O-O
Ne5 9. f3 Qc7 10. Qe2 b5 11. a3 Be7 12. g4 Bb7 13. g5 Nfd7 14. f4 Nc6 15. Qh5 g6
16. Qg4 h5 17. Qe2 Nc5 18. Rad1 O-O 19. h4 Rfe8 20. Qf2 Bf8 21. Nde2 b4 22. axb4
Nxb4 23. Ng3 d5 24. e5 Red8 25. Bd4 Nbxd3 26. cxd3 Nb3 27. Bb6 Qxb6 28. Qxb6
Bc5+ 29. Qxc5 Nxc5 30. d4 Nb3 31. Na4 Bc6 32. Nc3 Rdb8 33. Na2 a5 34. Rf3 a4 35.
Rc3 Na5 36. Rb1 Ra6 37. Ne2 Nc4 38. Rc2 Rab6 39. Nac3 a3 40. b4 Rxb4 41. Rbc1
Rb2 42. Kf2 Rxc2 43. Rxc2 Rb2 44. Rc1 Kf8 45. Nd1 Rd2 46. Nc3 Ke7 47. Ke1 Kd7
48. Nb1 Rb2 49. Nbc3 Ne3 50. Nd1 Nxd1 51. Kxd1 Ba4+ 52. Ke1 a2 53. Nc3 Bb3 54.
Ra1 Rh2 55. Rc1 Rh1+ 0-1

[Event "London Classic Open 2017"]
[Site "London ENG"]
[Date "2017.12.02"]
[Round "1.90"]
[White "Stigar, Petter"]
[Black "De Paolis, Fabrizio"]
[Result "1-0"]
[WhiteTitle "FM"]
[WhiteElo "2214"]
[BlackElo "1763"]
[WhiteFideId "1500341"]
[BlackFideId "822027"]
[EventDate "2017.12.02"]

1. c4 c6 2. d4 d5 3. Nf3 e6 4. Qc2 Bd6 5. g3 f5 6. Bg2 Nf6 7. O-O O-O 8. b3 Ne4
9. Ba3 f4 10. Bxd6 Qxd6 11. Nbd2 Nxd2 12. Qxd2 fxg3 13. hxg3 Nd7 14. Rad1 Nf6
15. Qb2 Bd7 16. Ne5 Be8 17. Rd3 Bh5 18. Bf3 Bxf3 19. exf3 b6 20. Re1 c5 21. Kg2
Rac8 22. Qe2 Rfe8 23. Red1 Nd7 24. Nxd7 Qxd7 25. dxc5 bxc5 26. cxd5 exd5 27. Qd2
d4 28. b4 cxb4 29. Rxd4 Qe6 30. Rxb4 Kh8 31. Rb7 a6 32. Qb2 Re7 33. Rb6 Qc4 34.
Rd4 Qc5 35. Rxa6 Rce8 36. Rad6 Re2 37. Qxe2 1-0

[Event "London Classic Open 2017"]
[Site "London ENG"]
[Date "2017.12.02"]
[Round "1.91"]
[White "Mc Aleenan, Charles"]
[Black "Guelsen, Taylan"]
[Result "0-1"]
[WhiteElo "1762"]
[BlackElo "2213"]
[WhiteFideId "2461617"]
[BlackFideId "24603635"]
[EventDate "2017.12.02"]

1. d4 d5 2. Nc3 Nf6 3. Bf4 e6 4. Nb5 Na6 5. a3 c6 6. Nc3 Bd6 7. e3 Bxf4 8. exf4
Nc7 9. Nf3 b6 10. Ne5 Bb7 11. Qf3 c5 12. Bd3 O-O 13. Ne2 Ba6 14. Bxa6 Nxa6 15.
O-O Rc8 16. Rad1 Qc7 17. Qd3 Nb8 18. c3 Nc6 19. Rfe1 Ne4 20. f3 Nd6 21. Ng3 cxd4
22. cxd4 Nxe5 23. fxe5 Nc4 24. Qb1 b5 25. f4 g6 26. Nh1 Na5 27. Rd2 Qb6 28. Nf2
Nb3 29. Rd3 Nxd4 30. Qd1 Nf5 31. g4 Ng7 32. h4 Rc4 33. Qf3 Rfc8 34. Kg2 Rc2 35.
Re2 h5 36. Rc3 R2xc3 37. bxc3 Rc4 38. f5 exf5 39. Qxd5 hxg4 40. Qa8+ Kh7 41. Qf8
Qb7+ 0-1

[Event "London Classic Open 2017"]
[Site "London ENG"]
[Date "2017.12.02"]
[Round "1.92"]
[White "Ledger, Dave J"]
[Black "Dunn, Maxim"]
[Result "1-0"]
[WhiteTitle "FM"]
[WhiteElo "2209"]
[BlackElo "1757"]
[WhiteFideId "401986"]
[BlackFideId "456551"]
[EventDate "2017.12.02"]

1. e4 Nf6 2. e5 Nd5 3. d4 d6 4. c4 Nb6 5. exd6 cxd6 6. d5 g6 7. Qd4 Rg8 8. Nc3
Bg7 9. Qh4 N8d7 10. Nf3 Nf6 11. Bd2 Bd7 12. Rc1 Na4 13. Nxa4 Bxa4 14. c5 Bd7 15.
c6 bxc6 16. dxc6 Be6 17. Qa4 Qb6 18. Ba6 Bc8 19. Bb7 1-0

[Event "London Classic Open 2017"]
[Site "London ENG"]
[Date "2017.12.02"]
[Round "1.93"]
[White "Robinson, James"]
[Black "Semprun Martinez, Fernando"]
[Result "0-1"]
[WhiteElo "1754"]
[BlackElo "2205"]
[WhiteFideId "426784"]
[BlackFideId "2203170"]
[EventDate "2017.12.02"]

1. d4 Nf6 2. Bf4 d5 3. e3 g6 4. c3 Bg7 5. h3 O-O 6. Nf3 c5 7. Be2 b6 8. O-O Bb7
9. Nbd2 Nc6 10. Ne5 Nd7 11. Nxc6 Bxc6 12. Nf3 f6 13. Bh2 e5 14. Qb3 e4 15. Nd2
f5 16. Bb5 Bb7 17. Qa4 Rf7 18. Bc6 Qc8 19. Bxb7 Qxb7 20. Bf4 h6 21. h4 Bf6 22.
g3 Kg7 23. f3 g5 24. hxg5 hxg5 25. Bd6 b5 26. Qd1 cxd4 27. cxd4 Qb6 28. Bc5 Nxc5
29. dxc5 Qxc5 30. Qb3 Re8 31. fxe4 dxe4 32. Kg2 Rd8 33. Rf2 Rd3 34. Qe6 Rd6 35.
Nb3 Rxe6 36. Nxc5 Re5 37. Rc1 Rd5 38. b4 Kg6 39. g4 fxg4 40. Nxe4 Be7 41. Rxf7
Kxf7 42. Rc7 Re5 43. Nf2 Rxe3 44. Rxa7 Kg6 45. a4 bxa4 46. Rxa4 Kf5 47. b5 g3
48. Ng4 Rb3 49. b6 Bd6 50. Nh6+ Kg6 51. Ng4 Rb2+ 52. Kf3 g2 53. Ra1 Bc5 54. Ne5+
Kf5 55. Nd3 g4+ 56. Kg3 Bd6+ 57. Kh4 g1=Q 0-1

[Event "London Classic Open 2017"]
[Site "London ENG"]
[Date "2017.12.02"]
[Round "1.94"]
[White "Haribalu, V."]
[Black "Tivillier, Jacques"]
[Result "1-0"]
[WhiteElo "2205"]
[BlackElo "1751"]
[WhiteFideId "5015189"]
[BlackFideId "417254"]
[EventDate "2017.12.02"]

1. e4 c5 2. Nc3 e6 3. Nf3 a6 4. d4 cxd4 5. Nxd4 Qc7 6. Be2 Nf6 7. O-O Bb4 8. Qd3
Nc6 9. Nxc6 dxc6 10. Bg5 Be7 11. a4 e5 12. Kh1 h6 13. Be3 Be6 14. a5 Qd6 15. Na4
Qxd3 16. Bxd3 Nd7 17. Rfd1 O-O 18. Bc4 Bxc4 19. Rxd7 Bb4 20. Rxb7 Bxa5 21. Nc5
Rfd8 22. b4 Rd6 23. bxa5 Rad8 24. Rbb1 Be2 25. Re1 1-0

[Event "London Classic Open 2017"]
[Site "London ENG"]
[Date "2017.12.02"]
[Round "1.95"]
[White "Fuglesang, Michael W."]
[Black "Kett, Tim"]
[Result "0-1"]
[WhiteElo "1739"]
[BlackElo "2204"]
[WhiteFideId "1525077"]
[BlackFideId "1801210"]
[EventDate "2017.12.02"]

1. e4 e5 2. Nf3 Nc6 3. Bb5 a6 4. Ba4 Nf6 5. Qe2 b5 6. Bb3 Be7 7. c3 O-O 8. O-O
d5 9. d3 Re8 10. Rd1 Bb7 11. Nbd2 Bf8 12. Nf1 Na5 13. Bc2 c5 14. Ne3 g6 15. Nxd5
Nxd5 16. exd5 Qxd5 17. Qe4 Qd7 18. Qh4 Bxf3 19. gxf3 Rad8 20. Bg5 Be7 21. Re1
Bxg5 22. Qxg5 Kg7 23. Re4 f6 24. Qg3 Nb7 25. Rg4 Nd6 26. h4 f5 27. Rg5 Nf7 28.
Rh5 Rg8 29. d4 Kh8 30. Rg5 f4 31. Qg2 Nxg5 32. Qxg5 exd4 33. Qxc5 Qd6 34. Qg5
Rgf8 35. cxd4 Qf6 36. Qh6 Rd5 0-1

[Event "London Classic Open 2017"]
[Site "London ENG"]
[Date "2017.12.02"]
[Round "1.97"]
[White "Ainsworth, George"]
[Black "Willmoth, Robert F"]
[Result "0-1"]
[BlackTitle "CM"]
[WhiteElo "1734"]
[BlackElo "2202"]
[WhiteFideId "449636"]
[BlackFideId "402540"]
[EventDate "2017.12.02"]

1. d4 Nf6 2. Nc3 c5 3. Nf3 cxd4 4. Nxd4 Nc6 5. g3 g6 6. Nxc6 bxc6 7. e4 Bg7 8.
Bg2 Ba6 9. Ne2 O-O 10. Bg5 Qb6 11. Rb1 Nxe4 12. Bxe4 Qb4+ 13. Qd2 Qxe4 14. Rg1
d5 15. Kd1 d4 16. Re1 e5 17. Qa5 Bxe2+ 18. Rxe2 Qh1+ 19. Qe1 Qf3 20. b4 h6 21.
Rb3 Qd5 22. Bc1 Rfe8 23. f3 f5 0-1

[Event "London Classic Open 2017"]
[Site "London ENG"]
[Date "2017.12.02"]
[Round "1.98"]
[White "Harley, Andrew D"]
[Black "Mohnblatt, Daniel"]
[Result "1/2-1/2"]
[WhiteTitle "FM"]
[WhiteElo "2196"]
[BlackElo "1734"]
[WhiteFideId "401390"]
[BlackFideId "648582"]
[EventDate "2017.12.02"]

1. e4 c5 2. c3 Nf6 3. e5 Nd5 4. Nf3 e6 5. d4 cxd4 6. cxd4 d6 7. a3 Bd7 8. Bd3
Bc6 9. O-O Nd7 10. Re1 Be7 11. b4 a6 12. Nbd2 dxe5 13. dxe5 a5 14. bxa5 Nc5 15.
Bc4 Nf4 16. Qc2 Nfd3 17. Re3 Nxc1 18. Rxc1 Rxa5 19. Ba2 O-O 20. Bb1 g6 21. Nc4
Ba4 22. Qc3 Ra6 23. Bc2 Bxc2 24. Qxc2 b5 25. Rd1 Qb8 26. Ncd2 Rc8 1/2-1/2

[Event "London Classic Open 2017"]
[Site "London ENG"]
[Date "2017.12.02"]
[Round "1.99"]
[White "Islam, Mohammed"]
[Black "Navrotescu, Andreea-Cristiana"]
[Result "0-1"]
[BlackTitle "WIM"]
[WhiteElo "1731"]
[BlackElo "2193"]
[WhiteFideId "10211870"]
[BlackFideId "675946"]
[EventDate "2017.12.02"]

1. d4 Nf6 2. c4 g6 3. Nc3 d5 4. cxd5 Nxd5 5. e4 Nxc3 6. bxc3 Bg7 7. Bc4 c5 8.
Ne2 O-O 9. O-O Nc6 10. Be3 Qc7 11. Rc1 Na5 12. Bd3 e5 13. f4 Be6 14. d5 Bg4 15.
c4 Bh6 16. Qd2 Bxe2 17. Bxe2 exf4 18. Bxf4 Bxf4 19. Rxf4 Qe5 20. Rcf1 b6 21. Kh1
Rae8 22. h4 Qg7 23. h5 Re5 24. g4 Nb7 25. g5 gxh5 26. Bxh5 Rxg5 0-1